Profesionalización docente : ¿Es posible un camino de convergencia para expertos y novatos?
Furkejuvvon:
| Váldodahkki: | |
|---|---|
| Eará dahkkit: | , |
| Materiálatiipa: | Áigepublikašuvdna |
| Giella: | espánnjágiella |
| Fáttát: | |
| Liŋkkat: | Ver documento en línea |
| Fáddágilkorat: |
Eai fáddágilkorat, Lasit vuosttaš fáddágilkora!
|
MARC
| LEADER | 00000nas^a2200000^u^4500 | ||
|---|---|---|---|
| 001 | 000527758 | ||
| 005 | 20260413000000.0 | ||
| 008 | 130927c^^^^9999^^^^r1^^^^^^^^0^^^^0eng^d | ||
| 009 | 20260413194922.928 | ||
| 022 | |a 16074041 | ||
| 035 | |a FCE 000072004 | ||
| 037 | |a Acervo ITESO - Biblioteca | ||
| 041 | |a ESP | ||
| 095 | |a REVISTA ELECTRONICA DE INVESTIGACION EDUCATIVA (PDF) |b 2/2012 | ||
| 100 | |a Núñez Rojas, Mauricio Alejandro |e (autor) | ||
| 245 | 1 | 0 | |a Profesionalización docente : |b ¿Es posible un camino de convergencia para expertos y novatos? |
| 264 | |a Baja California : |b Universidad Autónoma de Baja California, Investigación y Desarrollo Educativo, |c 2012. | ||
| 336 | |a texto |b txt |2 rdacontenido | ||
| 337 | |a sin mediación |b n |2 rdamedio | ||
| 338 | |a volumen |b nc |2 rdasoporte | ||
| 649 | |a XX | ||
| 650 | |a Docentes | ||
| 650 | |a Desarrollo profesional | ||
| 650 | |a Ensayo | ||
| 650 | |a Profesionalización | ||
| 650 | |a Conciencia profesional | ||
| 740 | |g vol. 14, no. 2, 2012, pp. 10-24 |t Revista Electrónica de Investigación Educativa, | ||
| 700 | |a Arévalo Vera, Ana, |e coaut |e (autor) | ||
| 700 | |a Ávalos Davidson, Beatrice, |e coaut |e (autor) | ||
| 856 | 4 | 0 | |u https://redie.uabc.mx/index.php/redie/article/view/302/466 |y Ver documento en línea |
| 910 | |a Fondo Centro de Estudios Educativos | ||
| 920 | |a Impresos - Libros | ||
| 930 | |a Fondos Especiales | ||
| 905 | |a 133 | ||
| 902 | |a https://opac.biblio.iteso.mx/vufind/Record/000527758 | ||